Quebonafide - piosenki - Statystyki

Ogólne statystyki
  • Ten quiz został rozwiązany 1 742 razy
  • Średni wynik to 11 z 26
Statystyki odpowiedzi
Hint Odpowiedź % Poprawnych
75 mln Half dead
86%
69 mln Candy
79%
21 mln Madagaskar
74%
67 mln Tamagotchi
71%
27 mln Tamagotchi
71%
28 mln Zorza
69%
50 mln 8 kobiet
63%
44 mln Kryptowaluty
54%
29,4 mln C'est la Vie
51%
30 mln Bogini
49%
23 mln Quebahombre
47%
15 mln Hype
44%
29,4 mln Kawa i xanax
44%
38 mln Sorry Dolores
40%
20,6 mln Między słowami
39%
10,5 mln Szejk
38%
19 mln Art-B
34%
10,7 mln Bollywood
34%
20,4 mln Ganges
23%
16 mln Trip
23%
22 mln Żadnych zmartwień
21%
24 mln Euforia
17%
12 mln Ciernie
13%
14 mln Brudna prawda
9%
13 mln Czarne okulary
8%
10 mln Opowieści z krypty
5%
Nie znaleziono quizów pasujących do podanych kryteriów
Rozkład punktacji
Procent ludzi z każdym wynikiem
Percentyl według liczby udzielonych odpowiedzi
Twoja historia wyników
Nie rozwiązałeś tego quizu